01064nam a2200277 a 450000100100000000500170001000800410002704000250006804100380009308200230013124000380015424500960019225000120028826000440030030000190034450000360036353400470039965000340044665000310048065000250051170000350053670000400057191000340061195201260064599900150077100000259220260120073949.0831201s1986 xxu 001 0 spa  aDO-SdBNPbspacBNPHU17aspaheng2Código de idioma MARC a242.2bM266d, 198600aStreams in the desert.lEspañol00aManantiales en el desierto /ccompilador, Charles E. Cowman; traducción, Antonio Serrano. a12a ed. aEstados Unidos :bMundo Hispano,c1986. a2 t. ;c17 cm. aLa biblioteca posee el tomo II. aTítulo original:tStreams in the desert. 4aEjercicios espirituales98168 4aCalendario religioso98169 0aVida espiritual92681 aCharles E. Cowmanecomp.981701 aSerrano, Antonio,d1899-etr.98171 aCatalogación original noche 001052708MOaGRbGRcHDd2009-07-06iLF1l0o242.2 M266d, 1986p2592-10r2020-06-25w2020-06-25y2ZPréstamo interno c2428d2428